| 000 | 01558cam a2200301 a 4500 | ||
|---|---|---|---|
| 001 | 15661423 | ||
| 005 | 20200421093816.0 | ||
| 008 | 090316s2009 mauabf b 001 0 eng | ||
| 010 | _a 2009011266 | ||
| 020 | _a9780674036345 (hardcover : alk. paper) | ||
| 020 | _a0674036344 | ||
| 035 | _a(OCoLC)ocn316233555 | ||
| 040 |
_aDLC _cDLC _dBTCTA _dYDXCP _dC#P _dBWX _dUPZ _dMOF _dDLC |
||
| 043 | _ae------ | ||
| 050 | 0 | 0 |
_aD258 _b.W55 2009 |
| 082 | 0 | 0 |
_a940.2/4 _222 |
| 100 | 1 |
_aWilson, Peter H. _q(Peter Hamish) _9209 |
|
| 245 | 1 | 4 |
_aThe Thirty Years War : _bEurope's tragedy / _cPeter H. Wilson. |
| 260 |
_aCambridge, Mass. : _bBelknap Press of Harvard University Press, _c2009. |
||
| 300 |
_axxii, 996 p., [16] p. of plates : _bill. (some col.), maps ; _c24 cm. |
||
| 504 | _aIncludes bibliographical references and index. | ||
| 520 | _aA deadly continental struggle, the Thirty Years War devastated seventeenth-century Europe, killing nearly a quarter of all Germans and laying waste to towns and countryside alike. In a major reassessment, Wilson argues that religion was not the catalyst, but one element in a lethal stew of political, social, and dynastic forces that fed the conflict--a conflict that ultimately transformed the map of the modern world. | ||
| 650 | 0 |
_aThirty Years' War, 1618-1648. _9210 |
|
| 651 | 0 |
_aEurope _xHistory, Military _y1492-1648. _9557 |
|
| 906 |
_a7 _bcbc _corignew _d1 _eecip _f20 _gy-gencatlg |
||
| 942 |
_2ddc _cBK |
||
| 999 |
_c8 _d8 |
||